[Event "Moscow ol (Women)"]
[Site "Moscow"]
[Date "1994.??.??"]
[Round "4"]
[White "Cuevas Rodriguez, Ma Luisa"]
[Black "Hagarova, Zuzana"]
[Result "0-1"]
[WhiteElo "2240"]
[BlackElo "2170"]

1.d4 Nf6 2.c4 g6 3.Nf3 Bg7 4.g3 O-O 5.Bg2 d6 6.O-O Nbd7 7.Nc3 e5 8.e4 exd4
9.Nxd4 Nc5 10.h3 Re8 11.Re1 Bd7 12.b4 Ne6 13.Be3 Qc8 14.Kh2 a5 15.b5 Nc5
16.Qc2 Re5 17.Nf3 Rh5 18.Nh4 h6 19.Rad1 Ne6 20.f4 Nxf4 21.Bxf4 g5 22.Nd5 Qd8
23.Nxf6+ Bxf6 24.Qe2 Rxh4 25.gxh4 gxf4 26.Qh5 Bxh4 27.Qxh6 Bg3+ 28.Kh1 Be6
29.c5 Qe7 30.cxd6 cxd6 31.Re2 Rc8 32.Red2 Rd8 33.Bf3 Qc7 34.a4 Qc3 35.Bg2 Qc7
36.h4 Qb6 37.h5 Qe3 38.e5 Qxe5 39.Rf1 Qf5 40.Rf3 Qg4 41.Rc3 Qh4+ 42.Kg1 Bh2+
43.Kf1 Re8 44.Re2 Qg4 45.Re1 Bg3  0-1

[Event "Moscow ol (Women)"]
[Site "Moscow"]
[Date "1994.??.??"]
[Round "5"]
[White "Piarnpuu, Leili"]
[Black "Tsifanskaya, Ludmila A"]
[Result "1/2-1/2"]
[WhiteElo "2235"]
[BlackElo "2230"]

1.d4 Nf6 2.Nf3 g6 3.c4 Bg7 4.g3 O-O 5.Bg2 d6 6.O-O Nbd7 7.Nc3 e5 8.e4 a6
9.h3 Rb8 10.Re1 exd4 11.Nxd4 Ne5 12.b3 c5 13.Nc2 Re8 14.Rb1 Nc6 15.Bf4 Nh5
16.Bd2 b5 17.Nd5 Be6 18.g4 Nf6 19.Bg5 bxc4 20.bxc4 Rxb1 21.Qxb1 h6 22.Bh4 Bxd5
23.exd5 Rxe1+ 24.Qxe1 Ne5 25.Ne3 Qb6 26.Bg3 Ned7 27.Kh2 Bf8  1/2-1/2

[Event "Moscow ol (Men)"]
[Site "Moscow"]
[Date "1994.??.??"]
[Round "5"]
[White "Ginting, Nasib"]
[Black "Istratescu, Andrei"]
[Result "0-1"]
[WhiteElo "2395"]
[BlackElo "2515"]

1.d4 Nf6 2.c4 g6 3.Nf3 Bg7 4.g3 O-O 5.Bg2 d6 6.O-O Nc6 7.Nc3 a6 8.h3 Rb8
9.e4 e5 10.Re1 exd4 11.Nxd4 Nxd4 12.Qxd4 b5 13.cxb5 axb5 14.a4 b4 15.Nb5 Be6
16.Qa7 c6 17.Nd4 Qd7 18.Qxd7 Bxd7 19.Rd1 c5 20.e5 dxe5 21.Nc6 Rbe8 22.Be3 e4
23.Rd6 Re6 24.Rxe6 fxe6 25.Ne5 Rc8 26.a5 Bb5 27.a6 Nd5 28.a7 Ra8 29.Ng4 Bxb2
30.Ra5 Bd3 31.Bxc5 b3 32.Bf1 Bc3 33.Ra3 b2 34.Bxd3 exd3 35.Rb3 Rxa7 36.Bxa7 d2
37.Rb8+ Kf7 38.Nh6+ Kg7  0-1

[Event "Moscow ol (Men)"]
[Site "Moscow"]
[Date "1994.??.??"]
[Round "5"]
[White "Cvitan, Ognjen"]
[Black "Wittmann, Walter"]
[Result "1-0"]
[WhiteElo "2585"]
[BlackElo "2390"]

1.d4 Nf6 2.Nf3 g6 3.c4 Bg7 4.g3 O-O 5.Bg2 d6 6.O-O c5 7.Nc3 Nc6 8.d5 Na5
9.Nd2 e5 10.e4 Bd7 11.b3 a6 12.Qe2 Ne8 13.Bb2 f5 14.exf5 gxf5 15.Rae1 Rb8
16.Nd1 b5 17.Bc3 b4 18.Bb2 Nb7 19.f4 e4 20.Bxg7 Nxg7 21.g4 fxg4 22.Ne3 Qh4
23.Nxe4 Rbe8 24.Qb2 Nh5 25.f5 Re5 26.Qf2 Qxf2+ 27.Rxf2 Nf6 28.Ng5 Rfe8 29.Ne6 Nd8
30.h3 Nf7 31.Kf1 gxh3 32.Bxh3 Kh8 33.Ng4 Rxe1+ 34.Kxe1 Nxg4 35.Bxg4 Ne5 36.Be2 Rg8
37.Kd2 Be8 38.Ke3 Bf7 39.Kf4 Rg1 40.Nd8 Ra1 41.Nb7 Rxa2 42.Nxd6 Nd3+ 43.Bxd3 Rxf2+
44.Ke3 Rb2 45.Nxf7+ Kg7 46.Ne5 Rxb3 47.d6 Kf6 48.d7  1-0

[Event "Moscow ol (Men)"]
[Site "Moscow"]
[Date "1994.??.??"]
[Round "6"]
[White "Greenfeld, Alon"]
[Black "Apicella, Manuel"]
[Result "1/2-1/2"]
[WhiteElo "2600"]
[BlackElo "2465"]

1.d4 Nf6 2.Nf3 g6 3.c4 Bg7 4.g3 O-O 5.Bg2 d6 6.O-O Nbd7 7.Nc3 e5 8.e4 exd4
9.Nxd4 Nc5 10.h3 Re8 11.Re1 Bd7 12.Rb1 h6 13.b3 a6 14.Bb2 Rb8 15.b4 Ne6 16.Nde2 b5
17.cxb5 axb5 18.Nd5 Ng5 19.Nef4 Nxd5 20.exd5 Be5 21.h4 Nh7 22.Bxe5 dxe5 23.Nd3 Bf5
24.Rc1 e4 25.Nc5 Nf6 26.Qd4 Ra8 27.Re2 Qd6 28.Rce1 Qe5 29.Qxe5 Rxe5 30.f3 Nxd5
31.fxe4 Bg4 32.exd5 Rxe2 33.Rxe2 Bxe2 34.d6 cxd6 35.Bxa8 dxc5 36.bxc5 Kf8
37.Bd5 Ke7 38.Kf2 Bg4 39.Ke3 g5 40.Kd4 Be2 41.a3 f6 42.Bb7 Kd7 43.Ba6 Kc6
44.Bc8 Bf3 45.Bf5 gxh4 46.gxh4 Bg2 47.Bg6 Kd7 48.Bf5+ Kc6 49.Bg4 Bh1 50.Bh5 Kd7
51.Bg4+ Kc6 52.Bh5 Kd7 53.Be2 Kc6 54.Bd3 Bg2 55.Bg6 Kd7 56.Kc3 Bf1 57.Be4 Be2
58.Kd4 Bg4 59.Bd3 Kc6 60.Be4+ Kd7 61.Bd5 Bh3 62.Bf3 Bf1 63.Be4 Bh3 64.Bf3 Bf1
65.Kd5 Bh3  1/2-1/2

[Event "Moscow ol (Men)"]
[Site "Moscow"]
[Date "1994.??.??"]
[Round "6"]
[White "Hakulinen, Esko Matti"]
[Black "Akintola, Fola"]
[Result "1/2-1/2"]
[WhiteElo "2350"]
[BlackElo "2340"]

1.d4 Nf6 2.Nf3 g6 3.c4 Bg7 4.g3 O-O 5.Bg2 d6 6.Nc3 Nbd7 7.O-O e5 8.e4 c6
9.h3 Qb6 10.Re1 Re8 11.Re2 Qb4 12.Rc2 exd4 13.Nxd4 Nc5 14.a3 Qb6 15.Be3 Qc7
16.f3 a5 17.b3 Nfd7 18.Bf2 Bxd4 19.Bxd4 Nxb3 20.Rb1 Nxd4 21.Qxd4 Nc5 22.Rd2 Qe7
23.Qxd6 Qxd6 24.Rxd6 Be6 25.Bf1 Red8 26.Rbd1 Rxd6 27.Rxd6 Kf8 28.Kf2 Ke7
29.Rd1 Rd8 30.Rxd8 Kxd8 31.Ke3 Ke7 32.f4 f6 33.g4 h6 34.Be2 g5 35.f5 Bf7
36.Bd1 Kd6 37.Kd4 Nd7 38.Be2 c5+ 39.Ke3 Nb6 40.Nd5 Bxd5 41.exd5 Ke5 42.Bd3 Nc8
43.Be2 Nd6 44.a4 Ne8 45.Bd1 Kd6 46.Ke4 Ke7 47.Ke3 Nd6 48.Bb3 Kf8 49.Kd3 Kg7
50.Bd1 Kh7 51.Be2 Kg7 52.Bd1 Kf7 53.Be2 Ke7 54.Bd1 Ne8 55.Ke4 Kd6 56.Be2 Nc7
57.Bd1 Na6 58.Bc2 Nb4 59.Bb3 Kc7 60.Ke3 Kd7 61.Bd1 Na2 62.Bb3 Nb4 63.Bd1 Kd6
64.Ke4 Na6 65.Bc2 Nc7 66.Bd1 Ke7 67.Be2 Ne8 68.Ke3 Ng7 69.Ke4 Kd6 70.Bd1 Kd7
71.Be2 Ne8 72.Ke3 Nd6 73.Bd3 Nc8 74.Bc2 Nb6 75.Bb3 Ke7 76.Kf3  1/2-1/2

[Event "Moscow ol (Women)"]
[Site "Moscow"]
[Date "1994.??.??"]
[Round "7"]
[White "Cuevas Rodriguez, Ma Luisa"]
[Black "Ostry, Irina"]
[Result "1/2-1/2"]
[WhiteElo "2240"]
[BlackElo "2235"]

1.d4 Nf6 2.c4 g6 3.Nf3 Bg7 4.g3 O-O 5.Bg2 d6 6.O-O c6 7.Nc3 Bf5 8.Nh4 Be6
9.b3 d5 10.cxd5 cxd5 11.Bb2 Nc6 12.Nf3 Rc8 13.Ne5 Nxe5 14.dxe5 Ng4 15.Nxd5 Nxe5
16.Nf4 Qxd1 17.Raxd1 Rc2 18.Nxe6 fxe6 19.Ba3 Bf6 20.Bxb7 Rxa2 21.Bc5 Rb8
22.Bg2 Rxe2 23.Bxa7 Rxb3 24.Rfe1 Rxe1+ 25.Rxe1 Kf7 26.Kf1 Nf3 27.Bxf3 Rxf3
28.Be3 Rf5 29.h4 Rd5 30.Ke2 Be5 31.Rc1 Bd4 32.Bxd4 Rxd4 33.Rc3 Rd5 34.Rf3+ Rf5
35.Ra3 h5 36.Ke3 Rb5 37.Kf3 e5 38.Rc3 Rb4 39.Rc6 Rb1 40.Ra6 Re1 41.Ra4 Kf6
42.Rb4 Kf5 43.Rb5 e6 44.Ra5 Rd1 45.Rb5  1/2-1/2

[Event "Moscow ol (Women)"]
[Site "Moscow"]
[Date "1994.??.??"]
[Round "8"]
[White "Strutinskaya, Galina N"]
[Black "Makropoulou, Marina"]
[Result "1-0"]
[WhiteElo "2235"]
[BlackElo "2280"]

1.d4 Nf6 2.Nf3 g6 3.c4 Bg7 4.g3 O-O 5.Bg2 d6 6.O-O Nc6 7.d5 Na5 8.Nbd2 c5
9.Qc2 a6 10.Rb1 b5 11.b3 Rb8 12.Bb2 e5 13.dxe6 Bxe6 14.cxb5 axb5 15.Ng5 Bf5
16.e4 Bg4 17.h3 Bd7 18.Rbd1 h6 19.Ngf3 Qc8 20.Kh2 Nc6 21.a3 Re8 22.Rfe1 Be6
23.e5 dxe5 24.Qxc5 Nd7 25.Qc1 Nd4 26.Nxd4 exd4 27.Qa1 Qc5 28.Ne4 Qc2 29.b4 Bf5
30.Rd2 Qb3 31.Bxd4 Bxd4 32.Rxd4 Bxe4 33.Rdxe4 Rxe4 34.Rxe4 Rf8 35.Qd4 Nb8
36.Rh4 h5 37.Bd5 Qc2 38.Be4 Qc7 39.Qd3 Qa7 40.Rf4 Qd7  1-0

[Event "Moscow"]
[Site "Moscow"]
[Date "1994.??.??"]
[Round "9"]
[White "Petkevich, Jusefs"]
[Black "Zaitsev, Igor A"]
[Result "1/2-1/2"]
[WhiteElo "2445"]
[BlackElo "2430"]

1.d4 Nf6 2.c4 g6 3.Nf3 Bg7 4.g3 O-O 5.Bg2 d6 6.O-O Nc6 7.b3 Bg4 8.Bb2 e5
9.dxe5 Bxf3 10.Bxf3 dxe5 11.Nc3 Qe7 12.Nd5 Nxd5 13.cxd5 Nd4 14.Bg2 c5 15.dxc6 Nxc6
16.Bxc6 bxc6 17.Qc2 Rfd8 18.e4 Qe6 19.Rfd1 h5 20.h4 a5 21.Bc3 Rxd1+ 22.Rxd1 a4  1/2-1/2

[Event "Moscow ol (Men)"]
[Site "Moscow"]
[Date "1994.??.??"]
[Round "10"]
[White "Brunner, Lucas"]
[Black "Apicella, Manuel"]
[Result "1/2-1/2"]
[WhiteElo "2525"]
[BlackElo "2465"]

1.d4 Nf6 2.c4 g6 3.Nf3 Bg7 4.g3 O-O 5.Bg2 d6 6.O-O Nbd7 7.Nc3 e5 8.e4 exd4
9.Nxd4 Re8 10.h3 Nc5 11.Re1 Bd7 12.Nb3 Nxb3 13.axb3 Qc8 14.Kh2 a5 15.Bf4 Bc6
16.Qc2 Nd7 17.Nd5 Bxd5 18.cxd5 Nc5 19.Bd2 b6 20.b4 axb4 21.Rxa8 Qxa8 22.Bxb4 Qa2
23.Re2 Qb3 24.Qxb3 Nxb3 25.Rc2 Nc5 26.Ba3 Ra8 27.f3 Kf8 28.Bf1 Ra5 29.Kg2 Ke7
30.Bc4 Kd8 31.Kf2 b5 32.Bb4 Ra4 33.Bxc5 bxc4 34.Be3 Kc8 35.Ke2 Kb7 36.Bd2 Ka6
37.Bc3 Bxc3 38.bxc3 Ra1 39.Ke3 Rd1 40.Rd2 Rg1 41.g4 Re1+ 42.Kd4 Rf1 43.Ke3 Re1+
44.Kd4 Rf1 45.Ke3 Re1+  1/2-1/2

[Event "Moscow ol (Women)"]
[Site "Moscow"]
[Date "1994.??.??"]
[Round "10"]
[White "Piarnpuu, Leili"]
[Black "Tamin, Upi Darmayana"]
[Result "1/2-1/2"]
[WhiteElo "2235"]
[BlackElo "2140"]

1.Nf3 g6 2.d4 Nf6 3.c4 Bg7 4.g3 O-O 5.Bg2 d6 6.O-O Nbd7 7.Nc3 e5 8.e4 exd4
9.Nxd4 a6 10.h3 Re8 11.Re1 Rb8 12.a4 Ne5 13.b3 Bd7 14.Be3 c5 15.Nc2 Qc7 16.Rb1 Bc6
17.Qd2 b5 18.axb5 axb5 19.cxb5 Bxb5 20.f4 Nc6 21.Red1 Bf8 22.g4 Nb4 23.g5 Nxc2
24.Qxc2 Nh5 25.Nd5 Qc8 26.Kh2 Bc6 27.Bf3 Bxd5 28.Rxd5 Ng7 29.Rbd1 Nf5 30.Bf2 Nd4
31.Bxd4 cxd4 32.Qd3 Qc3 33.Rxd4 Rxb3 34.Qxc3 Rxc3 35.R4d3 Rec8 36.Kg3 Kg7
37.Rxc3 Rxc3 38.Rb1 Rc7 39.Rb8 Be7  1/2-1/2

[Event "Moscow ol (Women)"]
[Site "Moscow"]
[Date "1994.??.??"]
[Round "11"]
[White "Van Parreren, Hanneke"]
[Black "Mortensen, Beatrix"]
[Result "1-0"]
[WhiteElo "2195"]
[BlackElo "2100"]

1.d4 Nf6 2.c4 g6 3.Nf3 Bg7 4.g3 d6 5.Bg2 O-O 6.O-O c6 7.Nc3 Nbd7 8.e4 e5
9.h3 Re8 10.Re1 Qc7 11.Be3 h6 12.Rc1 Nf8 13.d5 c5 14.a3 a5 15.Nd2 N6h7 16.Nb5 Qe7
17.b4 b6 18.Rb1 Bb7 19.bxc5 dxc5 20.d6 Qd7 21.Nc7 Qxd6 22.Nxe8 Rxe8 23.Nf1 Qc7
24.Qb3 Nd7 25.Red1 Nhf8 26.Qd3 Bc6 27.Bd2 Ne6 28.Ne3 Nd4 29.Bc3 Nf6 30.Nd5 Nxd5
31.cxd5 Bd7 32.Qa6 Rb8 33.Bf1 Bc8 34.Qd3 Qd7 35.Bxa5 b5 36.Rdc1 Bf8 37.Bc3 c4
38.Qe3 Bg7 39.Bb4 f5 40.Kh2 Qf7 41.f3 g5 42.a4 f4 43.gxf4 exf4 44.Qf2 Qh5
45.Bg2 Be5 46.Kg1 Bxh3 47.Bc3 Bxg2 48.Kxg2 g4 49.Bxd4 Qh3+ 50.Kg1 g3 51.Qg2 Bxd4+
52.Kf1 Qd7 53.Qh1 Qg7 54.Kg2 c3 55.axb5 Be3 56.Rc2 Bd4 57.Qh4 Qf8 58.Qg4+ Kh8
59.Ra1 Qf7 60.Ra6 Qf8 61.Qd7 Bg7 62.Ra7 Qf6 63.Re2 Qd4 64.e5 Rg8 65.e6 Qd1
66.Rea2 c2 67.Ra8 c1=Q 68.Rxg8+ Kxg8 69.Qf7+ Kh7 70.Qf5+  1-0

[Event "Moscow"]
[Site "Moscow"]
[Date "1994.??.??"]
[Round "11"]
[White "Lempert, Igor"]
[Black "Komliakov, Viktor"]
[Result "1/2-1/2"]
[WhiteElo "2495"]
[BlackElo "2445"]

1.d4 Nf6 2.Nf3 d6 3.c4 g6 4.g3 Bg7 5.Bg2 O-O 6.O-O c6 7.Nc3 Nbd7 8.e4 e5
9.h3 Qb6 10.d5 cxd5 11.cxd5 Nc5 12.Qe2 Bd7 13.Be3 Rfc8 14.Rab1 Qd8 15.Nd2 Qf8
16.g4 Na4 17.Nxa4 Bxa4 18.b3 Bd7 19.Rfc1 h5 20.Bf3 hxg4 21.hxg4 Rxc1+ 22.Rxc1 Rc8
23.Rxc8 Qxc8 24.g5 Nh7 25.Qc4 Qd8 26.Qb4 Bc8 27.Nc4 Nxg5 28.Bg2 Bf8 29.Qa5 Qf6
30.Qxa7 Nf3+ 31.Kf1 Bg4 32.Qb8 Nh2+ 33.Ke1 Nf3+ 34.Kf1 Nh2+ 35.Kg1 Qh4 36.Nd2 Be2
37.Bb6  1/2-1/2

[Event "Moscow ol (Men)"]
[Site "Moscow"]
[Date "1994.??.??"]
[Round "12"]
[White "Manninen, Marko"]
[Black "Arduman, Can"]
[Result "1-0"]
[WhiteElo "2385"]
[BlackElo "2365"]

1.d4 g6 2.Nf3 Bg7 3.g3 Nf6 4.Bg2 O-O 5.c4 d6 6.Nc3 Nbd7 7.O-O e5 8.h3 c6
9.e4 Re8 10.Be3 exd4 11.Nxd4 Nc5 12.Qc2 Qe7 13.Rfe1 Bd7 14.Rad1 Rad8 15.b4 Na6
16.Qb3 h6 17.a3 Nc7 18.f4 Ne6 19.Nde2 b6 20.Rd3 Nc7 21.Bf2 b5 22.Nd4 Ne6
23.Nc2 Nc7 24.Nd4 Ne6 25.cxb5 Nxd4 26.Bxd4 cxb5 27.Qd1 a6 28.Bxf6 Qxf6 29.Nd5 Qb2
30.Re2 Qa1 31.Qxa1 Bxa1 32.e5 Be6 33.Ra2 Bxd5 34.Bxd5 Bxe5 35.fxe5 dxe5 36.Rad2 Kg7
37.Bc6 Rxd3 38.Rxd3 Re6 39.Bb7 e4 40.Rd7 e3 41.Kf1 e2+ 42.Ke1 Re3 43.Bd5 Rxa3
44.Rxf7+ Kh8 45.Rf3 Ra4 46.Rb3 Kg7 47.Kxe2 Kf6 48.Kf3 h5 49.Bc6 h4 50.g4 Ke5
51.Be4 g5 52.Rd3 Rxb4 53.Rd5+ Kf6 54.Rf5+ Ke6 55.Rxg5 Rb3+ 56.Kf4 Rxh3 57.Rg6+ Ke7
58.Rxa6 b4 59.g5 Rc3 60.Rb6 Rb3 61.g6 Rg3 62.Rxb4 Kf6 63.Rb7 Rg1 64.Rf7+ Ke6
65.Bf5+ Kd6 66.Rd7+ Kc6 67.Rh7 h3 68.Rxh3  1-0

[Event "Moscow ol (Men)"]
[Site "Moscow"]
[Date "1994.??.??"]
[Round "12"]
[White "Damljanovic, Branko"]
[Black "Gadjilu, Rauf"]
[Result "1-0"]
[WhiteElo "2505"]
[BlackElo "2260"]

1.Nf3 Nf6 2.d4 g6 3.c4 Bg7 4.g3 O-O 5.Bg2 d6 6.O-O Nbd7 7.Nc3 e5 8.e4 h6
9.h3 Nh7 10.d5 f5 11.Nh4 Rf6 12.exf5 gxf5 13.f4 Ndf8 14.Qh5 Qd7 15.fxe5 dxe5
16.Be3 Qf7 17.Qxf7+ Rxf7 18.Rae1 Ng5 19.Bxg5 hxg5 20.Nf3 e4 21.Nxg5 Bd4+
22.Kh2 Rg7 23.h4 Ng6 24.Bh3 Ne7 25.Rd1 Be5 26.c5 Rg6 27.Nb5 Bd7 28.Nxc7  1-0

[Event "Moscow ol (Women)"]
[Site "Moscow"]
[Date "1994.??.??"]
[Round "13"]
[White "Baginskaite, Kamile"]
[Black "Dhar, Saheli"]
[Result "1/2-1/2"]
[WhiteElo "2325"]
[BlackElo "2190"]

1.d4 Nf6 2.c4 g6 3.Nf3 Bg7 4.g3 d6 5.Bg2 O-O 6.O-O Nbd7 7.Nc3 e5 8.e4 c6
9.h3 Qb6 10.Re1 Re8 11.Re2 exd4 12.Nxd4 Nc5 13.Be3 Qb4 14.a3 Qxc4 15.Rc2 Qa6
16.Bf1 Qb6 17.b4 Ncxe4 18.Nxe4 Rxe4 19.Nf5 Rxe3 20.Nxe3 Ne4 21.Nc4 Qc7 22.Rac1 Be6
23.Ne3 Qd7 24.Bg2 d5 25.b5 Rc8 26.bxc6 bxc6 27.Bxe4 dxe4 28.Qxd7 Bxd7 29.Kg2 Bf8
30.Nc4 Be6 31.a4 Rb8 32.Ne5 Rb4 33.a5 c5 34.Rd2 Rd4 35.Rdc2 f6 36.Nc6 Rd7
37.Nb8 Rb7 38.Nc6 Bd5 39.a6 Rb3 40.Nxa7 e3+ 41.Kf1 exf2 42.Nc8 Ra3 43.a7 Be6
44.Rxc5 Bxh3+ 45.Kxf2 Bxc8  1/2-1/2

[Event "Moscow ol (Women)"]
[Site "Moscow"]
[Date "1994.??.??"]
[Round "13"]
[White "Strutinskaya, Galina N"]
[Black "Arakhamia, Ketevan"]
[Result "0-1"]
[WhiteElo "2235"]
[BlackElo "2450"]

1.d4 Nf6 2.Nf3 g6 3.c4 Bg7 4.g3 O-O 5.Bg2 d6 6.O-O Nbd7 7.Nc3 e5 8.e4 h6
9.Rb1 Nh7 10.Be3 Ng5 11.Ne1 Ne6 12.d5 Nd4 13.Qd2 h5 14.b4 a5 15.Nb5 axb4
16.Nd3 Nb6 17.Bxd4 exd4 18.Qxb4 Rxa2 19.c5 dxc5 20.Qxc5 Bg4 21.f3 Bd7 22.Nxc7 Na4
23.Qc4 Nc3 24.Rxb7 Qg5 25.Ne6 Qe3+ 26.Kh1 Rc8 27.Rc7 Rxc7 28.Qxc7 fxe6 29.Nf4 e5
30.Nxg6 Qe2 31.Nh4 Bh3 32.Rg1 Nd1  0-1

[Event "Moscow ol (Women)"]
[Site "Moscow"]
[Date "1994.??.??"]
[Round "14"]
[White "Petek Medic, Mirjana"]
[Black "Holoubkova, Martina"]
[Result "1/2-1/2"]
[WhiteElo "2320"]
[BlackElo "2190"]

1.Nf3 Nf6 2.c4 g6 3.d4 Bg7 4.g3 d6 5.Bg2 O-O 6.Nc3 c6 7.O-O Qa5 8.h3 Be6
9.Qd3 d5 10.b3 Qa6 11.Ne5 Rd8 12.Rd1 Nbd7 13.Nxd7 Rxd7 14.c5 Qxd3 15.Rxd3 Bf5
16.Rd1 Ne8 17.g4 Be6 18.Be3 f6 19.b4 Bf7 20.a4 e5 21.Ra3 Nc7 22.Na2 Ne6 23.Nc1 exd4
24.Bxd4 Nxd4 25.Rxd4 f5 26.Rd1 fxg4 27.hxg4 Re8 28.Bf3 b6 29.Nd3 Bf8 30.cxb6 axb6
31.Rc1 c5 32.bxc5 bxc5 33.Raa1 c4 34.Ne1 Ra7 35.Rd1 Bg7 36.Rab1 Rd8 37.Nc2 Rxa4
38.e3 c3 39.Rbc1 Be6 40.Rd3 Kf8 41.Nd4 Bxd4 42.exd4 Rc8 43.Rcxc3 Rxc3 44.Rxc3 Rxd4
45.g5 Rf4 46.Be2 Rf5 47.Rg3 Ke7 48.Kf1 Kd6 49.Bd3 Rf4 50.Rg1 Rg4 51.Rh1 Bg8
52.Ke2 Rxg5 53.f4 Rg2+ 54.Kf3 Ra2 55.f5 gxf5 56.Bxf5 Ra7 57.Kf4 Ra4+ 58.Kf3 Ra7
59.Kf4 d4 60.Rg1 Bc4 61.Rc1 Rc7 62.Rb1 Bg8 63.Rg1 Be6 64.Bd3 Bc4 65.Bxc4 Rxc4
66.Ke4 Kc5 67.Rg5+ Kb4 68.Kd3 Rc5 69.Rg7 Rd5 70.Rxh7 Kc5 71.Rh8 Kd6 72.Rh4  1/2-1/2

[Event "Muenster op"]
[Site "Muenster"]
[Date "1994.??.??"]
[Round "9"]
[White "Schroeder, Wilfried"]
[Black "Mowsziszian, Karen"]
[Result "1/2-1/2"]
[WhiteElo "2260"]
[BlackElo "2525"]

1.d4 Nf6 2.Nf3 g6 3.c4 Bg7 4.g3 O-O 5.Bg2 d6 6.O-O Nbd7 7.Qc2 e5 8.Rd1 Re8
9.dxe5 dxe5 10.e4 Qe7 11.h3 c6 12.b3 Nc5 13.Nc3 Nfd7 14.Bb2 Ne6 15.Ne2 a5
16.Rd2 b6 17.Kh2 c5 18.Nc3 Bb7 19.Nd5 Bxd5 20.cxd5 Nd4 21.Qd3 Rac8 22.Ba3 Qf6
23.Rf1 Bf8 24.Nxd4 cxd4 25.Bxf8 Rxf8 26.Qb5 Rc7 27.a3 Rfc8 28.b4 axb4 29.axb4 Qd6
30.h4 Rc2 31.Qe2 Rxd2 32.Qxd2 Rc3 33.h5 Qxb4 34.Qg5 f6 35.Qg4 Nf8 36.hxg6 hxg6
37.Ra1 Ra3 38.Rc1 Rc3 39.Ra1 Ra3 40.Rc1 Rc3  1/2-1/2

[Event "Muenster op"]
[Site "Muenster"]
[Date "1994.??.??"]
[Round "9"]
[White "Espig, Lutz"]
[Black "Krakops, Maris"]
[Result "1/2-1/2"]
[WhiteElo "2470"]
[BlackElo "2375"]

1.Nf3 Nf6 2.c4 g6 3.d4 Bg7 4.g3 O-O 5.Bg2 d6 6.O-O Nbd7 7.Qc2 e5 8.Rd1 Qe7
9.Nc3 c6 10.b3 Re8 11.e3 Nf8 12.e4 Bg4 13.d5 cxd5 14.cxd5 Qd7 15.Bd2 Rec8
16.Qd3 Nh5 17.Rdc1 Bf6 18.a4 Be7 19.Nb5 a6 20.Na3 f5 21.Ne1 fxe4 22.Bxe4 Qd8
23.Nc4 b5 24.Na5 Rxc1 25.Rxc1 Bg5 26.Nc6 Qf6 27.Ra1 bxa4 28.Rxa4 Nd7 29.b4 Bxd2
30.Qxd2 Nb6 31.Ra2 Qf7 32.f3 Bd7 33.Qf2 Bxc6 34.dxc6 Qc7 35.Ra5 Nf6 36.Qa2+ d5
37.b5 Kg7 38.Bd3 e4 39.fxe4 dxe4 40.Be2 Nbd5 41.Rxa6 Nb4 42.Rxa8 Nxa2 43.Rxa2 Qb6+
44.Kg2 Nd5 45.h4 Qc5 46.Rd2 Qe3 47.Rc2 Kh8 48.Bc4 Nb6 49.Be2 Nd5 50.Bc4 Nb4
51.Re2 Qd4 52.Be6 Qe5 53.Bg4 Nd5 54.Nd3 Qc3 55.Nf2 Qc5 56.Nxe4 Qxb5 57.Bf3 Qxc6
58.Nf6  1/2-1/2

[Event "Nagykanizsa op"]
[Site "Nagykanizsa"]
[Date "1994.??.??"]
[Round "?"]
[White "Czebe, Attila"]
[Black "Boros, Daniel"]
[Result "1-0"]
[WhiteElo "2355"]
[BlackElo "2255"]

1.d4 Nf6 2.c4 g6 3.g3 Bg7 4.Bg2 O-O 5.Nf3 d6 6.O-O c6 7.Nc3 Nbd7 8.d5 Nb6
9.dxc6 bxc6 10.Nd4 Bd7 11.Nxc6 Bxc6 12.Bxc6 Rc8 13.Bg2 Nxc4 14.Qa4 a5 15.Rb1 Nd7
16.Nb5 Ndb6 17.Qd1 d5 18.b3 Nd6 19.Qd3 Nb7 20.Be3 Nc5 21.Qd2 e5 22.Na7 d4
23.Nxc8 Nxc8 24.Bg5 Qb6 25.Rfc1 f6 26.Bh6 Bxh6 27.Qxh6 Ne7 28.Rc4 Rd8 29.Rbc1 Na6
30.h4 d3 31.exd3 Nf5 32.Qd2 Nb4 33.a3 Nxd3 34.Rc8  1-0

[Event "Niksic"]
[Site "Niksic"]
[Date "1994.??.??"]
[Round "?"]
[White "Blagojevic, Dragisa"]
[Black "Tringov, Georgi P"]
[Result "0-1"]
[WhiteElo "2500"]
[BlackElo "2430"]

1.d4 Nf6 2.c4 g6 3.Nf3 Bg7 4.g3 O-O 5.Bg2 d6 6.O-O Nbd7 7.Nc3 e5 8.h3 c6
9.e4 exd4 10.Nxd4 Re8 11.Be3 Nc5 12.Qc2 Qe7 13.Rfe1 Nfd7 14.b3 Ne5 15.Rad1 f6
16.f4 Nf7 17.Bf2 a5 18.a3 Bd7 19.b4 axb4 20.axb4 Na6 21.Rb1 Qd8 22.c5 Nxb4
23.Rxb4 dxc5 24.Nxc6 Bxc6 25.Bxc5 Qa5 26.Rc4 b5 27.Rd4 Bf8 28.Bxf8 Kxf8 29.Qb2 Red8
30.Rxd8+ Rxd8 31.Kh2 Rd3 32.Rc1 Kg7 33.Nb1 Ba8 34.e5 Bxg2 35.exf6+ Kh6 36.Qxg2 Qd8
37.g4 g5 38.h4 gxf4 39.g5+ Kh5 40.g6 hxg6 41.Rg1 Qxf6 42.Qe2+ f3 43.Qxd3 Qxh4+  0-1

[Event "JUG-chT"]
[Site "Nis"]
[Date "1994.??.??"]
[Round "?"]
[White "Nestorovic, Dejan"]
[Black "Kupreichik, Viktor D"]
[Result "1-0"]
[WhiteElo "2365"]
[BlackElo "2515"]

1.d4 Nf6 2.c4 d6 3.Nf3 g6 4.g3 Bg7 5.Bg2 O-O 6.O-O Nc6 7.Nc3 e5 8.d5 Ne7
9.b4 Ne8 10.e4 f5 11.Ng5 c6 12.Qb3 h6 13.Ne6 Bxe6 14.dxe6 fxe4 15.Nxe4 Qc8
16.Rd1 Nf5 17.Nxd6 Nexd6 18.c5 Qc7 19.cxd6 Nxd6 20.e7+ Rf7 21.Qe6 Ne8 22.Rd7 Qc8
23.Bh3 Bf6 24.Bxh6 b6 25.Rad1 a5 26.Rd8  1-0

[Event "JUG-chT"]
[Site "Nis"]
[Date "1994.??.??"]
[Round "?"]
[White "Blagojevic, Dragisa"]
[Black "Antic, Dejan"]
[Result "1/2-1/2"]
[WhiteElo "2475"]
[BlackElo "2385"]

1.d4 Nf6 2.c4 g6 3.Nf3 Bg7 4.g3 O-O 5.Bg2 d6 6.O-O c6 7.Nc3 Qa5 8.e4 e5 9.h3 exd4
10.Nxd4 Qc5 11.Nb3 Qb4 12.Bf4 Ne8 13.c5 dxc5 14.a3 Qc4 15.Rc1 Na6 16.Nd5 Qb5
17.Nc3 Qc4 18.Nd5 Qb5  1/2-1/2

[Event "NLD-ch op"]
[Site "?"]
[Date "1994.??.??"]
[Round "?"]
[White "Huzman, Alexander"]
[Black "Nijboer, Friso"]
[Result "1/2-1/2"]
[WhiteElo "2575"]
[BlackElo "2530"]

1.d4 Nf6 2.Nf3 g6 3.c4 Bg7 4.g3 O-O 5.Bg2 d6 6.O-O Nc6 7.Nc3 e5 8.d5 Ne7
9.e4 Ne8 10.Ne1 f5 11.Nd3 Nf6 12.Bg5 h6 13.Bxf6 Rxf6 14.f4 exf4 15.Nxf4 c6
16.Kh1 Rf7 17.Qd2 Be5 18.Nd3 Bg7 19.Nf4 Be5 20.Nd3 Bg7  1/2-1/2

[Event "NLD-ch op"]
[Site "?"]
[Date "1994.??.??"]
[Round "?"]
[White "Huzman, Alexander"]
[Black "Maahs, Erich"]
[Result "1-0"]
[WhiteElo "2575"]
[BlackElo "2245"]

1.d4 Nf6 2.Nf3 g6 3.c4 Bg7 4.g3 O-O 5.Bg2 d6 6.O-O Nc6 7.Nc3 e5 8.d5 Ne7
9.e4 Nd7 10.Ne1 f5 11.Nd3 Kh8 12.f4 Ng8 13.exf5 gxf5 14.fxe5 dxe5 15.Be3 Nh6
16.Qd2 Qf6 17.Nb5 Nb6 18.Rac1 Rf7 19.c5 Na4 20.d6 c6 21.Nc7 Ng4 22.Nxa8 e4
23.Nf4 Qxb2 24.Rc2  1-0

[Event "NLD-sf"]
[Site "?"]
[Date "1994.??.??"]
[Round "5"]
[White "Van der Werf, Mark"]
[Black "Hommeles, Theo"]
[Result "1-0"]
[WhiteElo "2430"]
[BlackElo "2240"]

1.Nf3 g6 2.c4 Bg7 3.d4 d6 4.g3 Nf6 5.Bg2 O-O 6.O-O c6 7.b3 Nbd7 8.Nc3 Re8
9.h3 e5 10.e4 d5 11.cxd5 cxd5 12.exd5 e4 13.Ng5 Nb6 14.Re1 Nfxd5 15.Nxd5 Nxd5
16.Nxe4 Bf5 17.Bb2 Rc8 18.Qd2 h5 19.a3 Rc7 20.Rac1 Rce7 21.Nc3 Bh6 22.f4 Ne3
23.d5 h4 24.d6 Re6 25.d7 R8e7 26.Rxe3 Rxe3 27.Nd5 Bxd7 28.Nxe3 hxg3 29.Qd4 f6
30.Nd5  1-0

[Event "NOR-chT"]
[Site "?"]
[Date "1994.??.??"]
[Round "3"]
[White "Madsen, Dag"]
[Black "Gullaksen, Eirik T"]
[Result "1/2-1/2"]
[WhiteElo "2310"]
[BlackElo "2370"]

1.d4 Nf6 2.c4 g6 3.g3 Bg7 4.Bg2 O-O 5.Nf3 d6 6.O-O Nbd7 7.Nc3 e5 8.h3 Re8
9.e4 exd4 10.Nxd4 Nc5 11.Re1 Bd7 12.Rb1 a5 13.b3 Qc8 14.Kh2 h5 15.Bg5 Ne6
16.Nxe6 Bxe6 17.Qd2 Nd7 18.Nd5 Qb8 19.Qf4 Bxd5 20.exd5 Qa7 21.Qd2 Qd4 22.Be3 Qxd2
23.Bxd2 b6 24.Rxe8+ Rxe8 25.Re1 Rxe1 26.Bxe1 Nc5 27.Bf1 Bd4 28.Kg2 Kg7 29.Kf3 f5
30.h4 Kf6 31.Ke2 Ne4 32.f3 Nc5 33.Bd2 Kf7 34.Bg5 Bf6 35.Be3 Be5 36.Kf2 Bc3
37.Be2 a4 38.Bxc5 axb3 39.axb3 dxc5 40.Bd1 Kf6 41.f4  1/2-1/2

[Event "Oberwart op"]
[Site "Oberwart"]
[Date "1994.??.??"]
[Round "9"]
[White "Loginov, Vladimir"]
[Black "Poluljahov, Aleksandr"]
[Result "1-0"]
[WhiteElo "2610"]
[BlackElo "2485"]

1.Nf3 d6 2.d4 Nf6 3.c4 g6 4.g3 Bg7 5.Bg2 O-O 6.O-O Nbd7 7.Qc2 e5 8.Rd1 Qe7
9.Nc3 c6 10.b3 exd4 11.Nxd4 Re8 12.e4 Nc5 13.f3 a5 14.Be3 d5 15.cxd5 cxd5
16.Bg5 Qf8 17.Bxf6 Bxf6 18.Nxd5 Bd8 19.Bf1 Bd7 20.Bb5 Bxb5 21.Nxb5 Na6 22.a4 Rc8
23.Qb2 f6 24.Rac1 Rc6 25.Kg2 Nc5 26.Nd4 Rc8 27.b4 axb4 28.Qxb4 Kh8 29.Nb3 b6
30.a5 Be7 31.Nxe7 bxa5 32.Nxg6+ hxg6 33.Nxa5 Ne6 34.Qxf8+ Nxf8 35.Rxc8 Rxc8
36.Nb3 Kg7 37.Rd2 Rc7 38.Nd4 Kf7 39.Kf2 Rb7 40.h4 Rc7 41.g4  1-0

[Event "Orel2"]
[Site "Orel"]
[Date "1994.??.??"]
[Round "4"]
[White "Itkis, Boris"]
[Black "Iskusnyh, Sergei"]
[Result "1/2-1/2"]
[WhiteElo "2455"]
[BlackElo "2450"]

1.d4 Nf6 2.Nf3 g6 3.c4 Bg7 4.g3 O-O 5.Bg2 d6 6.O-O Nbd7 7.Nc3 e5 8.e4 c6
9.b3 Re8 10.h3 a6 11.Be3 exd4 12.Nxd4 Nc5 13.Qc2 Qe7 14.Rae1 Bd7 15.f3 Nh5
16.Bf2 Bxd4 17.Bxd4 Nxg3 18.Rf2 Nf5 19.Qd2 Nxd4 20.Qxd4 Rad8 21.Rd1 Bc8 22.f4 f5
23.Re2 Qg7 24.Qxg7+ Kxg7 25.Kh2 fxe4 26.Nxe4 Nxe4 27.Rxe4 Bf5 28.Rxe8 Rxe8
29.Bf3 Re6 30.Kg3 Re3 31.Kf2 Rc3 32.Bg4 Rd3 33.Rxd3 Bxd3 34.Bc8 b5 35.c5 dxc5
36.Bxa6 Bb1 37.a4 c4 38.axb5 cxb3 39.b6 b2 40.Bc4 Be4 41.Ba2 c5 42.Ke3 Bd5
43.Bb1 Kf6 44.Kd2 Ke6 45.Kc3 Kd6 46.Kxb2 Be6 47.h4 Kc6 48.Be4+ Kxb6 49.Bf3 Kc7
50.Kc3 Kd6 51.Be2 Ke7 52.Bf1 Kf6 53.Bd3 Bf5 54.Bf1 Bg4 55.Bd3 Kg7 56.Bc4 Kh6
57.Bg8 Kh5 58.Bxh7 Be6 59.f5 gxf5 60.Bxf5  1/2-1/2